[Event "Olomouc 2009 - IM A"]
[Site "?"]
[Date "2009.08.05"]
[Round "1.1"]
[White "Chetverik, Maxim"]
[Black "Bejtovic, Jasmin"]
[Result "1-0"]
[WhiteElo "2354"]
[BlackElo "2307"]
[PlyCount "83"]
[EventDate "2009.08.05"]

1. d4 Nf6 2. c4 g6 3. Nf3 Bg7 4. g3 O-O 5. Bg2 d6 6. O-O c5 7. dxc5 dxc5 8. Nc3
Nc6 9. Bf4 Nh5 10. Bg5 Be6 11. Nd5 Nf6 12. Ne1 Qa5 13. Nd3 Rad8 14. Bd2 Qa6 15.
Nxc5 Qxc4 16. Nxf6+ Bxf6 17. Nxb7 Rc8 18. Bh6 Rfe8 19. Rc1 Qb5 20. Rxc6 Rxc6
21. Bxc6 Qxc6 22. Nd8 Qe4 23. Nxe6 Qxe6 24. b3 Qf5 25. Qd2 Be5 26. Rd1 Bd6 27.
Qd4 f6 28. Qc4+ Kh8 29. Qf7 Rg8 30. Be3 h5 31. h4 Qe4 32. Bd4 Rg7 33. Qf8+ Kh7
34. Bxf6 exf6 35. Rxd6 Rc7 36. Kh2 Qxe2 37. Qxf6 Rg7 38. Rd8 Qb5 39. Qf8 Kh6
40. Qh8+ Rh7 41. Qf6 a6 42. Qf4+ 1-0

[Event "Olomouc 2009 - IM A"]
[Site "?"]
[Date "2009.08.05"]
[Round "1.3"]
[White "Chlost, Marlena"]
[Black "Lahiri, Atanu"]
[Result "0-1"]
[WhiteElo "2148"]
[BlackElo "2361"]
[PlyCount "78"]
[EventDate "2009.08.05"]

1. e4 e6 2. d4 d5 3. e5 c5 4. c3 Nc6 5. Nf3 Qb6 6. a3 c4 7. g3 Bd7 8. h4 f6 9.
exf6 gxf6 10. Qe2 O-O-O 11. Bh3 Na5 12. Bf4 Nb3 13. Ra2 Bd6 14. Bxd6 Nc1 15.
Bc5 Qc6 16. Qd2 Nxa2 17. a4 e5 18. Bxd7+ Rxd7 19. a5 b6 20. axb6 axb6 21. Ba3
Ne7 22. O-O e4 23. Ne1 Rg8 24. Ng2 Nf5 25. Qf4 Qe6 26. Kh2 Rdg7 27. Ne3 Nxe3
28. Qxe3 Rg4 29. Rg1 f5 30. f4 Qf6 31. Kh3 Qxh4+ 32. gxh4 Rxg1 33. Kh2 R8g2+
34. Kh3 Rg4 35. Kh2 Rxb1 36. Qf2 Rbg1 37. h5 Nc1 38. Qc2 Nd3 39. Bd6 Ne1 0-1

[Event "Olomouc 2009 - IM A"]
[Site "?"]
[Date "2009.08.05"]
[Round "1.5"]
[White "Bracker, Frank"]
[Black "Tuma, Jiri"]
[Result "1-0"]
[WhiteElo "2280"]
[BlackElo "2288"]
[PlyCount "113"]
[EventDate "2009.08.05"]

1. e4 e5 2. Nf3 Nc6 3. Bb5 a6 4. Ba4 Nf6 5. O-O Be7 6. Re1 b5 7. Bb3 d6 8. c3
O-O 9. h3 Na5 10. Bc2 c5 11. d4 Qc7 12. Nbd2 Nc6 13. d5 Nd8 14. a4 Rb8 15. axb5
axb5 16. b4 c4 17. Nf1 Ne8 18. N3h2 f6 19. f4 Nf7 20. Ng3 g6 21. f5 Ng7 22. Be3
Bd7 23. Rf1 Ra8 24. Ng4 g5 25. Nh2 Rxa1 26. Qxa1 Qb7 27. Qd1 Bd8 28. Kh1 Bb6
29. Bc1 Ra8 30. h4 gxh4 31. Nh5 Nxh5 32. Qxh5 Be8 33. Qxh4 Qe7 34. Ng4 Bd8 35.
Kh2 h5 36. Qxh5 Nh8 37. Nxf6+ Qxf6 38. Qxe8+ Qf8 39. Qh5 Qf7 40. Qh3 Qh7 41.
Qxh7+ Kxh7 42. Bd1 Nf7 43. f6 Kg6 44. Rf5 Nh6 45. Bh5+ Kh7 46. Rf3 Ra1 47. Be3
Re1 48. f7 Be7 49. Bf2 Rc1 50. f8=Q Bxf8 51. Rxf8 Rxc3 52. Rb8 Rb3 53. Rxb5 c3
54. Rb7+ Kh8 55. Bh4 c2 56. Bf6+ Kg8 57. Rb8+ 1-0

[Event "Olomouc 2009 - IM A"]
[Site "?"]
[Date "2009.08.06"]
[Round "2.1"]
[White "Bejtovic, Jasmin"]
[Black "Tuma, Jiri"]
[Result "1/2-1/2"]
[WhiteElo "2307"]
[BlackElo "2288"]
[PlyCount "79"]
[EventDate "2009.08.05"]

1. e4 e5 2. Nf3 Nc6 3. Bb5 a6 4. Ba4 Nf6 5. O-O b5 6. Bb3 Be7 7. Re1 d6 8. c3
O-O 9. h3 Na5 10. Bc2 c5 11. d4 Qc7 12. Nbd2 Nc6 13. d5 Nd8 14. a4 Rb8 15. axb5
axb5 16. b4 c4 17. Nf1 Ne8 18. N3h2 g6 19. f4 exf4 20. Bxf4 f6 21. Nf3 Ng7 22.
Nd4 Bd7 23. Ne3 Nf7 24. Nc6 Bxc6 25. dxc6 Qxc6 26. Qd5 Qb7 27. Ra3 Bd8 28. Kh1
Qxd5 29. Nxd5 Ne6 30. Be3 Nc7 31. Nb6 Rb7 32. Rd1 Re8 33. Bg1 Be7 34. Nd5 Nxd5
35. Rxd5 Ne5 36. Ra5 Reb8 37. Ba7 Ra8 38. Bd4 Rab8 39. Ba7 Ra8 40. Bd4 1/2-1/2

[Event "Olomouc 2009 - IM A"]
[Site "?"]
[Date "2009.08.06"]
[Round "2.2"]
[White "Oparin, Grigoriy"]
[Black "Bracker, Frank"]
[Result "1-0"]
[WhiteElo "2350"]
[BlackElo "2280"]
[PlyCount "73"]
[EventDate "2009.08.05"]

1. e4 c5 2. Nf3 d6 3. d4 cxd4 4. Nxd4 Nf6 5. Nc3 a6 6. Be2 e5 7. Nb3 Be7 8. Be3
O-O 9. g4 h6 10. h4 Nh7 11. Nd5 Nd7 12. Nxe7+ Qxe7 13. Qd2 Ndf6 14. f3 Be6 15.
g5 Nh5 16. gxh6 g6 17. O-O-O Rfd8 18. Rdg1 Rac8 19. Bd3 d5 20. exd5 Bxd5 21.
Qe2 Qf6 22. Nd2 Bxa2 23. Ne4 Qc6 24. Ng3 Nxg3 25. Rxg3 Bb3 26. c3 Qa4 27. Bb1
Qa1 28. Bd2 Bc4 29. Qxe5 Kf8 30. Re1 Be6 31. Qg7+ Ke7 32. Rxg6 Nf8 33. Bg5+ Kd7
34. Rgxe6 Rxc3+ 35. Qxc3 Rc8 36. Re7+ Kd6 37. Qxc8 1-0

[Event "Olomouc 2009 - IM A"]
[Site "?"]
[Date "2009.08.06"]
[Round "2.4"]
[White "Johansson, Jan"]
[Black "Chlost, Marlena"]
[Result "1-0"]
[WhiteElo "2437"]
[BlackElo "2148"]
[PlyCount "43"]
[EventDate "2009.08.05"]

1. d4 Nf6 2. Nf3 g6 3. c4 Bg7 4. Nc3 d5 5. Bg5 c6 6. e3 O-O 7. Rc1 Be6 8. c5 h6
9. Bf4 Nh5 10. Be5 Nd7 11. Bxg7 Nxg7 12. h3 Bf5 13. g4 Be4 14. Nxe4 dxe4 15.
Nd2 Qa5 16. Bc4 e5 17. O-O exd4 18. Nxe4 Ne5 19. exd4 Nxc4 20. Rxc4 Qxa2 21.
Nf6+ Kh8 22. Qc1 1-0

[Event "Olomouc 2009 - IM A"]
[Site "?"]
[Date "2009.08.06"]
[Round "2.5"]
[White "Chetverik, Maxim"]
[Black "Vrana, Jan"]
[Result "1-0"]
[WhiteElo "2354"]
[BlackElo "2236"]
[PlyCount "115"]
[EventDate "2009.08.05"]

1. d4 d5 2. c4 e6 3. Nf3 Nf6 4. g3 dxc4 5. Bg2 Nc6 6. Qa4 Nd7 7. Qxc4 Nb6 8.
Qd3 e5 9. Be3 exd4 10. Nxd4 Nxd4 11. Bxd4 Bb4+ 12. Nc3 O-O 13. Rd1 c6 14. O-O
Be6 15. a3 Be7 16. Qe4 Qc7 17. Be5 Qc8 18. Qc2 Bh3 19. Ne4 Bxg2 20. Kxg2 Qe6
21. Bd6 Nd5 22. Bxe7 Qxe7 23. Rd4 f5 24. Nc3 Nb6 25. Rfd1 Qf7 26. e3 Rae8 27.
Qd3 g6 28. b4 Qb3 29. a4 Re7 30. Nd5 Qxd5+ 31. Rxd5 Nxd5 32. b5 Rd8 33. Qb3
Red7 34. bxc6 bxc6 35. Rc1 Rc7 36. Rc5 Kf7 37. h4 Re8 38. h5 Ree7 39. h6 Ke6
40. Rc1 Kf6 41. Qb2+ Ke6 42. Qd4 Kf7 43. a5 Nf6 44. Qc4+ Nd5 45. Rb1 g5 46. Qd4
Kg6 47. g4 fxg4 48. Qd3+ Kf6 49. Rb8 Ke6 50. Rg8 Rf7 51. Rxg5 Nf6 52. Qf5+ Ke7
53. Rg7 Kf8 54. Qe5 Rb7 55. Qd6+ Rbe7 56. Qb8+ Re8 57. Rxf7+ Kxf7 58. Qxa7+ 1-0

[Event "Olomouc 2009 - IM A"]
[Site "?"]
[Date "2009.08.07"]
[Round "3.1"]
[White "Vrana, Jan"]
[Black "Bejtovic, Jasmin"]
[Result "1-0"]
[WhiteElo "2236"]
[BlackElo "2307"]
[PlyCount "73"]
[EventDate "2009.08.05"]

1. e4 c5 2. c3 e6 3. d4 d5 4. exd5 exd5 5. Be3 c4 6. b3 cxb3 7. axb3 Bd6 8. Bd3
Nc6 9. Qf3 Nf6 10. h3 h6 11. Ne2 Ne7 12. Bf4 Bxf4 13. Nxf4 O-O 14. O-O Bf5 15.
Nd2 Bxd3 16. Nxd3 Qc7 17. Rfc1 Rfe8 18. c4 dxc4 19. bxc4 Nc6 20. Nb3 Re4 21. d5
Ne5 22. Nxe5 Qxe5 23. Na5 Re8 24. Nxb7 Rxc4 25. d6 Rf4 26. Qg3 Qf5 27. d7 Qxd7
28. Qxf4 Qxb7 29. Rc7 Qb8 30. Qc4 Rf8 31. Raxa7 Qe8 32. Re7 Qd8 33. Rxf7 Qd1+
34. Kh2 Qd6+ 35. g3 Kh8 36. Rxf8+ Qxf8 37. Qf7 1-0

[Event "Olomouc 2009 - IM A"]
[Site "?"]
[Date "2009.08.07"]
[Round "3.2"]
[White "Chlost, Marlena"]
[Black "Chetverik, Maxim"]
[Result "1/2-1/2"]
[WhiteElo "2148"]
[BlackElo "2354"]
[PlyCount "108"]
[EventDate "2009.08.05"]

1. e4 Nf6 2. e5 Nd5 3. d4 d6 4. c4 Nb6 5. exd6 cxd6 6. Nc3 g6 7. Be3 Bg7 8. Rc1
O-O 9. b3 e6 10. Nf3 N8d7 11. Be2 Nf6 12. h3 Bd7 13. O-O Bc6 14. Qd2 Re8 15.
Rfd1 Bxf3 16. Bxf3 d5 17. Bf4 a6 18. a4 dxc4 19. Bxb7 Ra7 20. Bc6 Ree7 21. a5
Nbd5 22. Nxd5 Nxd5 23. Bxd5 exd5 24. bxc4 Re4 25. cxd5 Bxd4 26. d6 Rd7 27. Rc7
Rxd6 28. Bxd6 Qxd6 29. Rcc1 Qf6 30. Rf1 g5 31. Qc2 Rf4 32. Qc8+ Kg7 33. Rc6
Rxf2 34. Rxf6 Rxf6+ 35. Kh2 Rxf1 36. Qxa6 Ra1 37. Qb5 Bg1+ 38. Kg3 f6 39. Kg4
Re1 40. Qd7+ Kg6 41. Qf5+ Kg7 42. a6 Re7 43. h4 gxh4 44. Kxh4 Be3 45. Qd5 Bg5+
46. Kg4 Be3 47. Qd8 Kf7 48. Qh8 Ke6 49. Qg8+ Kd6 50. Kf5 Bd4 51. Qd8+ Rd7 52.
Qb8+ Rc7 53. g4 Ba7 54. Qf8+ Kc6 1/2-1/2

[Event "Olomouc 2009 - IM A"]
[Site "?"]
[Date "2009.08.07"]
[Round "3.3"]
[White "Masse, Hugues"]
[Black "Johansson, Jan"]
[Result "1/2-1/2"]
[WhiteElo "2220"]
[BlackElo "2437"]
[PlyCount "103"]
[EventDate "2009.08.05"]

1. d4 Nf6 2. c4 e6 3. Nc3 Bb4 4. Qc2 O-O 5. a3 Bxc3+ 6. Qxc3 b6 7. Bg5 Bb7 8.
e3 d6 9. Ne2 Nbd7 10. Qd3 c5 11. Nc3 Ba6 12. d5 h6 13. Bh4 Ne5 14. Qc2 Ng6 15.
Bxf6 Qxf6 16. Be2 e5 17. O-O Qd8 18. Bd3 Bc8 19. f4 exf4 20. exf4 f5 21. Rae1
a6 22. Kh1 Ra7 23. g3 Re7 24. Qb1 Bd7 25. Rxe7 Qxe7 26. Re1 Qf6 27. Qc1 h5 28.
Qd2 h4 29. Qf2 hxg3 30. hxg3 Nh8 31. Kg2 Nf7 32. Qe3 Re8 33. Qxe8+ Bxe8 34.
Rxe8+ Kh7 35. Re6 Qd4 36. Bxf5+ g6 37. Bxg6+ Kg7 38. Bh5 Nh6 39. Rg6+ Kh7 40.
Rxd6 b5 41. Rxa6 b4 42. axb4 cxb4 43. Ne2 Qxc4 44. Ra7+ Kg8 45. Bf3 Nf5 46.
Ra8+ Kg7 47. Ra7+ Kf8 48. Ra8+ Ke7 49. Ra7+ Kf8 50. Ra8+ Ke7 51. Ra7+ Kf8 52.
Ra8+ 1/2-1/2

[Event "Olomouc 2009 - IM A"]
[Site "?"]
[Date "2009.08.07"]
[Round "3.4"]
[White "Bracker, Frank"]
[Black "Lahiri, Atanu"]
[Result "0-1"]
[WhiteElo "2280"]
[BlackElo "2361"]
[PlyCount "58"]
[EventDate "2009.08.05"]

1. e4 e6 2. d4 d5 3. Nc3 Nf6 4. e5 Nfd7 5. f4 c5 6. Nf3 Nc6 7. Be3 Be7 8. Qd2
O-O 9. dxc5 Bxc5 10. O-O-O Qa5 11. Nd4 Bxd4 12. Bxd4 Rb8 13. Kb1 b5 14. h4 b4
15. Ne2 Ba6 16. Nc1 Rfc8 17. Nb3 Qa4 18. h5 Nxd4 19. Qxd4 Bxf1 20. Rhxf1 Rb6
21. Rf2 Ra6 22. Nc1 Nc5 23. h6 Ne4 24. Re2 Rac6 25. Nb3 Rc4 26. Qd3 Nc3+ 27.
bxc3 bxc3 28. Ka1 Qa3 29. Rb1 Qxa2+ 0-1

[Event "Olomouc 2009 - IM A"]
[Site "?"]
[Date "2009.08.08"]
[Round "4.1"]
[White "Bejtovic, Jasmin"]
[Black "Oparin, Grigoriy"]
[Result "1-0"]
[WhiteElo "2307"]
[BlackElo "2350"]
[PlyCount "55"]
[EventDate "2009.08.05"]

1. e4 c5 2. Nf3 d6 3. d4 cxd4 4. Nxd4 Nf6 5. Nc3 e6 6. Bc4 Be7 7. Bb3 O-O 8.
O-O Na6 9. f4 Nc5 10. e5 dxe5 11. fxe5 Nxb3 12. axb3 Bc5 13. Be3 Nd5 14. Bf2
Nxc3 15. bxc3 Qc7 16. Qh5 Bd7 17. Rae1 Bc6 18. Bh4 Rfe8 19. Re3 g6 20. Rg3 Bf8
21. Bf6 Be4 22. Rf4 Bf5 23. Qxh7+ Kxh7 24. Rh4+ Bh6 25. Nxf5 Qc5+ 26. Kh1 Qf8
27. Nxh6 g5 28. Rxg5 1-0

[Event "Olomouc 2009 - IM A"]
[Site "?"]
[Date "2009.08.08"]
[Round "4.2"]
[White "Lahiri, Atanu"]
[Black "Tuma, Jiri"]
[Result "1-0"]
[WhiteElo "2361"]
[BlackElo "2288"]
[PlyCount "63"]
[EventDate "2009.08.05"]

1. d4 d5 2. c4 c6 3. Nf3 Nf6 4. Nc3 e6 5. Bg5 h6 6. Bh4 dxc4 7. e4 g5 8. Bg3 b5
9. Be2 Bb7 10. h4 g4 11. Ne5 h5 12. O-O Nbd7 13. Qc2 Nxe5 14. Bxe5 Bg7 15. b3
cxb3 16. axb3 O-O 17. Bg3 c5 18. e5 cxd4 19. exf6 Qxf6 20. Nxb5 e5 21. Rxa7
Rxa7 22. Nxa7 Qb6 23. Qf5 Qxa7 24. Bxe5 Bc8 25. Qg5 f6 26. Bc4+ Kh7 27. Qxh5+
Bh6 28. Bd3+ f5 29. Rc1 Qf7 30. Rc7 Bd7 31. Qxf7+ Rxf7 32. Rxd7 1-0

[Event "Olomouc 2009 - IM A"]
[Site "?"]
[Date "2009.08.08"]
[Round "4.3"]
[White "Johansson, Jan"]
[Black "Bracker, Frank"]
[Result "1-0"]
[WhiteElo "2437"]
[BlackElo "2280"]
[PlyCount "33"]
[EventDate "2009.08.05"]

1. d4 Nf6 2. c4 e6 3. Nf3 d5 4. g3 dxc4 5. Bg2 c5 6. O-O Nc6 7. Ne5 Bd7 8. Nxc4
cxd4 9. Bf4 Nd5 10. Nd6+ Bxd6 11. Bxd6 Qb6 12. Nd2 O-O-O 13. Nc4 Qa6 14. Rc1 b5
15. Ne5 Be8 16. Bxd5 exd5 17. Be7 1-0

[Event "Olomouc 2009 - IM A"]
[Site "?"]
[Date "2009.08.08"]
[Round "4.4"]
[White "Chetverik, Maxim"]
[Black "Masse, Hugues"]
[Result "1-0"]
[WhiteElo "2354"]
[BlackElo "2220"]
[PlyCount "69"]
[EventDate "2009.08.05"]

1. d4 Nf6 2. c4 g6 3. Nf3 Bg7 4. g3 O-O 5. Bg2 d6 6. O-O Nbd7 7. Qc2 e5 8. Rd1
Qe7 9. Nc3 c6 10. dxe5 Nxe5 11. Nxe5 dxe5 12. h3 Be6 13. Qa4 Nd7 14. b3 e4 15.
Ba3 Nc5 16. Nxe4 b6 17. Nxc5 bxc5 18. Rac1 Bf5 19. e3 Be4 20. Bxc5 Qxc5 21.
Bxe4 Rad8 22. Qxc6 Qh5 23. Rxd8 Rxd8 24. Bd5 Qxh3 25. Qc7 Rd7 26. Qc8+ Bf8 27.
Rf1 Qg4 28. Bc6 Rd4 29. Qxg4 Rxg4 30. Rd1 Rg5 31. Rd7 a5 32. Bd5 Rf5 33. e4 Rf6
34. e5 Rf5 35. e6 1-0

[Event "Olomouc 2009 - IM A"]
[Site "?"]
[Date "2009.08.08"]
[Round "4.5"]
[White "Vrana, Jan"]
[Black "Chlost, Marlena"]
[Result "1/2-1/2"]
[WhiteElo "2236"]
[BlackElo "2148"]
[PlyCount "52"]
[EventDate "2009.08.05"]

1. e4 c5 2. Nf3 Nc6 3. d4 cxd4 4. Nxd4 Nf6 5. Nc3 e5 6. Ndb5 d6 7. Nd5 Nxd5 8.
exd5 Nb8 9. c4 Be7 10. Be2 O-O 11. O-O a6 12. Nc3 f5 13. a3 Nd7 14. b4 b6 15.
Qb3 Kh8 16. Rd1 e4 17. Bb2 Bf6 18. Qc2 Be5 19. Na4 Qe7 20. Bxe5 Qxe5 21. Qc3
Qxc3 22. Nxc3 Bb7 23. Na4 Rac8 24. f4 exf3 25. gxf3 Rfe8 26. Kf2 h5 1/2-1/2

[Event "Olomouc 2009 - IM A"]
[Site "?"]
[Date "2009.08.09"]
[Round "5.1"]
[White "Chlost, Marlena"]
[Black "Bejtovic, Jasmin"]
[Result "0-1"]
[WhiteElo "2148"]
[BlackElo "2307"]
[PlyCount "112"]
[EventDate "2009.08.05"]

1. e4 c5 2. Nf3 Nc6 3. d4 cxd4 4. Nxd4 g6 5. c4 Nf6 6. Nc3 d6 7. Be3 Bg7 8. Be2
O-O 9. O-O Bd7 10. Kh1 Nxd4 11. Bxd4 Bc6 12. Qd3 a5 13. b3 Nd7 14. Bxg7 Kxg7
15. Qd4+ Kg8 16. f4 Qb6 17. Qxb6 Nxb6 18. Bg4 h5 19. Bd1 a4 20. Bc2 Kg7 21. Kg1
Ra7 22. Bd3 axb3 23. axb3 Rfa8 24. Rxa7 Rxa7 25. Kf2 Ra3 26. Rb1 Nd7 27. Ke3
Nc5 28. Bc2 Ba4 29. Nxa4 Nxa4 30. Kd4 Nc5 31. e5 Ne6+ 32. Ke4 Ra2 33. Rc1 dxe5
34. fxe5 Nd8 35. Kd5 Nc6 36. Kc5 Rb2 37. h3 Nxe5 38. Kd4 Nc6+ 39. Kc3 Ra2 40.
Be4 e5 41. Rd1 Re2 42. Bxc6 bxc6 43. Kb4 Rb2 44. Rd3 e4 45. Re3 f5 46. Kc5 Kf6
47. g3 g5 48. g4 hxg4 49. hxg4 fxg4 50. Rxe4 Kf5 51. Re1 g3 52. b4 Kf4 53. Kxc6
Rxb4 54. Kc5 Rb2 55. Rf1+ Ke3 56. Rc1 g2 0-1

[Event "Olomouc 2009 - IM A"]
[Site "?"]
[Date "2009.08.09"]
[Round "5.2"]
[White "Masse, Hugues"]
[Black "Vrana, Jan"]
[Result "0-1"]
[WhiteElo "2220"]
[BlackElo "2236"]
[PlyCount "104"]
[EventDate "2009.08.05"]

1. d4 d5 2. c4 dxc4 3. Nf3 Nf6 4. e3 e6 5. Bxc4 c5 6. O-O a6 7. a4 Nc6 8. Qe2
cxd4 9. Rd1 Be7 10. exd4 O-O 11. Nc3 Nd5 12. Ne4 b6 13. Ne5 Bb7 14. Nxc6 Bxc6
15. Bxa6 Nb4 16. Bc4 Bxa4 17. b3 Bc6 18. Rxa8 Qxa8 19. f3 Bd5 20. Bf4 Rc8 21.
Be5 Bf8 22. Re1 Bxe4 23. fxe4 Nc6 24. Qh5 Qa5 25. Rf1 Nxe5 26. dxe5 g6 27. Qf3
Rc7 28. Qf6 Qc5+ 29. Kh1 Qe7 30. Qf2 Rc5 31. Ra1 b5 32. Bd3 Rxe5 33. Ra7 Qe8
34. g3 Bc5 35. Qf6 Rxe4 36. Bxb5 Qf8 37. Rd7 Bb6 38. Kg2 Qg7 39. Qf3 Re5 40.
Qa8+ Qf8 41. Qb7 Rxb5 42. Rc7 Bxc7 43. Qxb5 Bd6 44. Qc6 Qb8 45. Qc4 Qb4 46.
Qc8+ Kg7 47. Qc2 Be5 48. Kh3 h5 49. Kg2 Qd4 50. Kh3 Qd5 51. b4 g5 52. g4 Qf3#
0-1

[Event "Olomouc 2009 - IM A"]
[Site "?"]
[Date "2009.08.09"]
[Round "5.3"]
[White "Bracker, Frank"]
[Black "Chetverik, Maxim"]
[Result "1-0"]
[WhiteElo "2280"]
[BlackElo "2354"]
[PlyCount "77"]
[EventDate "2009.08.05"]

1. e4 Nf6 2. e5 Nd5 3. d4 d6 4. c4 Nb6 5. exd6 cxd6 6. Nc3 g6 7. Be3 Bg7 8. Rc1
O-O 9. b3 N6d7 10. Nf3 Nf6 11. h3 d5 12. Be2 Nc6 13. O-O Bf5 14. g4 Be6 15. Ng5
Bc8 16. f4 b6 17. Nf3 Bb7 18. Ne5 e6 19. Bf3 Ne7 20. b4 Ne4 21. c5 bxc5 22.
dxc5 Nxc3 23. Rxc3 Ba6 24. Be2 Bxe2 25. Qxe2 f6 26. Nf3 e5 27. Rcc1 d4 28. Bd2
Qd5 29. Qc4 Rad8 30. b5 Qxc4 31. Rxc4 Rd5 32. a4 Rfd8 33. Re1 a6 34. g5 Nc8 35.
b6 Bf8 36. b7 Na7 37. c6 Rb8 38. gxf6 Bc5 39. Rxe5 1-0

[Event "Olomouc 2009 - IM A"]
[Site "?"]
[Date "2009.08.09"]
[Round "5.5"]
[White "Oparin, Grigoriy"]
[Black "Lahiri, Atanu"]
[Result "1/2-1/2"]
[WhiteElo "2350"]
[BlackElo "2361"]
[PlyCount "73"]
[EventDate "2009.08.05"]

1. e4 e6 2. d4 d5 3. Nc3 Nf6 4. e5 Nfd7 5. f4 c5 6. Nf3 Nc6 7. Be3 Be7 8. Qd2
O-O 9. Be2 a6 10. O-O b5 11. a3 Qb6 12. Nd1 b4 13. axb4 Qxb4 14. c3 Qb3 15. Bd3
cxd4 16. Nxd4 Nxd4 17. Bxd4 Nc5 18. Bc2 Qb5 19. b4 Ne4 20. Qe3 Bb7 21. Nf2 Bc6
22. Nxe4 dxe4 23. Rfe1 Qc4 24. Bxe4 Bxe4 25. Qxe4 Rac8 26. Ra4 Rfd8 27. Rea1
Rc6 28. h3 g6 29. Kh1 Kg7 30. g4 Bh4 31. Qf3 Rd7 32. Qe3 Qb3 33. R4a3 Qc2 34.
R3a2 Qb3 35. Ra3 Qc2 36. R3a2 Qb3 37. Ra3 1/2-1/2

[Event "Olomouc 2009 - IM A"]
[Site "?"]
[Date "2009.08.10"]
[Round "6.1"]
[White "Bejtovic, Jasmin"]
[Black "Lahiri, Atanu"]
[Result "1-0"]
[WhiteElo "2307"]
[BlackElo "2361"]
[PlyCount "75"]
[EventDate "2009.08.05"]

1. e4 e6 2. d4 d5 3. Nc3 Bb4 4. e5 c5 5. a3 Bxc3+ 6. bxc3 Ne7 7. Nf3 b6 8. Bb5+
Bd7 9. Bd3 c4 10. Bf1 Ba4 11. h4 Nbc6 12. h5 h6 13. g3 Kd7 14. Bg2 Qg8 15. O-O
Qh7 16. Ra2 Kc7 17. Nh2 Kb7 18. Ng4 Nf5 19. Rb2 a5 20. Qe2 Ka6 21. Ne3 Nxe3 22.
fxe3 Nd8 23. e4 Bc6 24. a4 Ra7 25. Be3 Rb7 26. Rfb1 Qg8 27. Qg4 Rb8 28. Bf4 g5
29. Be3 Qe8 30. Rb5 dxe4 31. d5 Bxb5 32. axb5+ Ka7 33. d6 f5 34. exf6 Rf8 35.
Qxe4 Nf7 36. Qxc4 Qc8 37. Qb4 Qa6 38. Qa4 1-0

[Event "Olomouc 2009 - IM A"]
[Site "?"]
[Date "2009.08.10"]
[Round "6.3"]
[White "Chetverik, Maxim"]
[Black "Tuma, Jiri"]
[Result "0-1"]
[WhiteElo "2354"]
[BlackElo "2288"]
[PlyCount "92"]
[EventDate "2009.08.05"]

1. d4 d5 2. c4 c6 3. cxd5 cxd5 4. Bf4 Nc6 5. e3 Bf5 6. Nc3 Nf6 7. Bb5 e6 8. Qa4
Qb6 9. Nf3 Nd7 10. Nh4 Bg6 11. Nxg6 hxg6 12. e4 Bb4 13. exd5 exd5 14. O-O Bxc3
15. bxc3 O-O 16. Rfe1 Nf6 17. f3 Rfe8 18. Kf1 Rac8 19. Rxe8+ Rxe8 20. Rb1 a6
21. Bd3 Qa7 22. Qa3 Re6 23. g4 b5 24. Re1 b4 25. Qa4 Rxe1+ 26. Kxe1 bxc3 27. g5
Nh5 28. Qxc6 Qxd4 29. Qe8+ Kh7 30. Qe3 Qxf4 31. Qxf4 Nxf4 32. Bxa6 Kg8 33. Kd1
Kf8 34. Kc2 d4 35. Bc4 Ke7 36. a4 Ne6 37. h4 Kd6 38. a5 Kc5 39. Bf1 Nc7 40. a6
Kb6 41. Bc4 Nxa6 42. Bxf7 Nb4+ 43. Kd1 d3 44. f4 Nc2 45. Kc1 Ne3 46. Bb3 Kc5
0-1

[Event "Olomouc 2009 - IM A"]
[Site "?"]
[Date "2009.08.10"]
[Round "6.4"]
[White "Vrana, Jan"]
[Black "Bracker, Frank"]
[Result "1-0"]
[WhiteElo "2236"]
[BlackElo "2280"]
[PlyCount "117"]
[EventDate "2009.08.05"]

1. e4 c5 2. Nf3 d6 3. d4 cxd4 4. Qxd4 a6 5. Be3 Nc6 6. Qd2 Nf6 7. Nc3 g6 8.
O-O-O Qa5 9. Kb1 Bg7 10. Nd5 Qxd2 11. Nxd2 Nxd5 12. exd5 Ne5 13. h3 h5 14. Nc4
Nxc4 15. Bxc4 Bf5 16. Rhe1 Rc8 17. Bd3 Kd7 18. c3 Rc4 19. f3 Be5 20. Kc2 b5 21.
Kb3 Bxd3 22. Rxd3 Rhc8 23. a3 a5 24. Ra1 f6 25. a4 b4 26. Rc1 bxc3 27. bxc3 Bf4
28. Re1 Bg3 29. Rb1 R4c7 30. Kc2 Be5 31. Bd2 Rc4 32. Rb7+ Kd8 33. Kb3 g5 34.
Rb5 g4 35. hxg4 hxg4 36. Rxa5 g3 37. Rb5 Rh4 38. a5 Rh1 39. Rb4 f5 40. f4 Bf6
41. Ra4 Rb8+ 42. Kc2 Rhb1 43. Ra2 Bh4 44. Bc1 R1b7 45. a6 Rc7 46. Be3 Kd7 47.
a7 Ra8 48. Bd4 Rb7 49. c4 Kc7 50. Re3 Rb4 51. Kc3 Rb1 52. Ree2 Rf1 53. Reb2
Rxf4 54. Rb1 Bf6 55. Bxf6 exf6 56. Ra6 Rf2 57. Rc6+ Kd7 58. Rb7+ Ke8 59. Rb8+
1-0

[Event "Olomouc 2009 - IM A"]
[Site "?"]
[Date "2009.08.10"]
[Round "6.5"]
[White "Chlost, Marlena"]
[Black "Masse, Hugues"]
[Result "0-1"]
[WhiteElo "2148"]
[BlackElo "2220"]
[PlyCount "64"]
[EventDate "2009.08.05"]

1. e4 e6 2. d4 d5 3. e5 c5 4. c3 Nc6 5. Nf3 Bd7 6. Be2 Nge7 7. Na3 cxd4 8. cxd4
Nf5 9. Nc2 Be7 10. O-O O-O 11. Rb1 a5 12. b3 Nb4 13. a3 Nxc2 14. Qxc2 Rc8 15.
Qd3 Nh4 16. Nxh4 Bxh4 17. Bd2 Be7 18. b4 axb4 19. Bxb4 Ba4 20. Bxe7 Qxe7 21.
Rfc1 Bc6 22. Rc3 f6 23. f4 fxe5 24. fxe5 Qh4 25. g3 Qe7 26. Qe3 Qf7 27. Rf1 Qe7
28. Rfc1 Ra8 29. Kg2 Ra5 30. Rc5 Rxc5 31. Rxc5 Qxc5 32. dxc5 d4+ 0-1

[Event "Olomouc 2009 - IM A"]
[Site "?"]
[Date "2009.08.11"]
[Round "7.1"]
[White "Masse, Hugues"]
[Black "Bejtovic, Jasmin"]
[Result "1/2-1/2"]
[WhiteElo "2220"]
[BlackElo "2307"]
[PlyCount "175"]
[EventDate "2009.08.05"]

1. d4 Nf6 2. c4 g6 3. Nc3 Bg7 4. e4 d6 5. Nf3 O-O 6. Be2 c5 7. O-O cxd4 8. Nxd4
Nc6 9. Be3 Bd7 10. f3 a5 11. Qd2 Nxd4 12. Bxd4 Bc6 13. b3 Nd7 14. Bxg7 Kxg7 15.
Qd4+ Kg8 16. a3 Nc5 17. Bd1 e5 18. Qe3 Ne6 19. Rb1 f5 20. exf5 gxf5 21. Be2 Nf4
22. Rfe1 Kh8 23. Bf1 Ne6 24. Kh1 Qh4 25. Red1 f4 26. Qe1 Qxe1 27. Rxe1 Nd4 28.
Bd3 Rfd8 29. Be4 Rab8 30. a4 Be8 31. Red1 Kg7 32. Rd2 Bc6 33. Bd5 Kf6 34. Kg1
Rd7 35. Kf2 Ke7 36. Be4 Kd8 37. Rbb2 Kc7 38. Ne2 Nxe2 39. Kxe2 Bxe4 40. fxe4
Rg8 41. Kf2 Rdg7 42. Kf1 Rg6 43. Rd3 Rh6 44. Kg1 b6 45. Rbd2 Kc6 46. Rf3 Rg7
47. Rdd3 Rhg6 48. Rd2 Rh6 49. Rdd3 Rhg6 50. Rd2 Rf7 51. Rdd3 h6 52. Rh3 Rfg7
53. Rd2 Rf6 54. Rdd3 Rg5 55. Rhf3 Rfg6 56. Rd2 Rg4 57. Kf1 Rh4 58. Kg1 Rf6 59.
Rdd3 Rg6 60. Rd2 Rhg4 61. Kf1 R4g5 62. Kg1 h5 63. Kf1 Rh6 64. Rdd3 h4 65. Kg1
Rg4 66. Kf1 Rhg6 67. Rd2 Rh6 68. Rdd3 Rg5 69. Kg1 Rgh5 70. Rh3 Rh7 71. Kf1 R5h6
72. Kg1 Rg7 73. Rhf3 Rgh7 74. Rh3 Rg7 75. Rhf3 Rgh7 76. Rh3 Rg6 77. Rhf3 Rhg7
78. Rd2 Rg8 79. Kf1 Rf6 80. Rdd3 Rfg6 81. Rd2 R8g7 82. Kg1 Rg4 83. Kf1 R4g6 84.
Kg1 Rg4 85. Kf1 R4g6 86. Kg1 Rg4 87. Kf1 R4g6 88. Kg1 1/2-1/2

[Event "Olomouc 2009 - IM A"]
[Site "?"]
[Date "2009.08.11"]
[Round "7.2"]
[White "Bracker, Frank"]
[Black "Chlost, Marlena"]
[Result "1/2-1/2"]
[WhiteElo "2280"]
[BlackElo "2148"]
[PlyCount "133"]
[EventDate "2009.08.05"]

1. e4 c5 2. Nf3 d6 3. d4 cxd4 4. Nxd4 Nf6 5. Nc3 a6 6. Bg5 e6 7. f4 Qc7 8. Bxf6
gxf6 9. Qf3 Nc6 10. O-O-O Bd7 11. Be2 h5 12. Kb1 O-O-O 13. Nxc6 Qxc6 14. Rd4
Kb8 15. Rhd1 Be7 16. Rb4 Qc5 17. Rb3 Ka8 18. Qd3 Rc8 19. Bf3 h4 20. Qe2 Rc7 21.
Bg4 Rhc8 22. Bh5 Be8 23. f5 Qe5 24. Qf2 Qc5 25. Qe2 Qe5 26. fxe6 fxe6 27. Bxe8
Rxe8 28. Qf2 Qh5 29. Rf1 Rec8 30. a4 Rc5 31. Qe3 Bd8 32. Qh3 Qe5 33. Qxh4 Ba5
34. Qxf6 Bxc3 35. bxc3 Qxe4 36. Qf3 Qh7 37. Rd1 d5 38. Rd4 Qxh2 39. Qf7 Qc7 40.
Qxc7 R8xc7 41. Rb6 Rxc3 42. Rd2 R7c6 43. Rxc6 Rxc6 44. Kb2 Kb8 45. Rf2 Kc7 46.
Rf7+ Kb6 47. Kb3 e5 48. Rd7 Kc5 49. Rxb7 e4 50. Re7 Rg6 51. a5 Kb5 52. Re5 Kc5
53. Re8 Rxg2 54. Re6 Rg3+ 55. c3 Rg5 56. Rxa6 Re5 57. Kc2 e3 58. Kd1 e2+ 59.
Ke1 Kc4 60. Rh6 Kxc3 61. Rh3+ Kb4 62. a6 Re7 63. Rd3 Kb5 64. Rxd5+ Kxa6 65. Rd2
Kb5 66. Rxe2 Rxe2+ 67. Kxe2 1/2-1/2